000000528 001__ 528 000000528 005__ 20260410124448.0 000000528 0247_ $$2DOI$$a10.6083/M4N58JBK 000000528 037__ $$aETD 000000528 245__ $$aThe role of obesity in asymptomatic prostate inflammation: a cross-sectional study of Veterans Affairs patients in Oregon 000000528 260__ $$bOregon Health and Science University 000000528 269__ $$a2008 000000528 336__ $$aThesis 000000528 502__ $$bM.P.H. 000000528 520__ $$aProstate cancer is a major health concern, affecting one in six men and ranking as the second leading cause of cancer death in the United States. Chronic prostate inflammation may contribute to carcinogenesis through oxidative imbalance and elevated chemokine activity. Obesity, a known risk factor for both systemic inflammation and prostate cancer, may also influence prostatic inflammatory status. This cross‑sectional study analyzed 661 Caucasian VA patients in Oregon to evaluate whether obesity is associated with NIH Type IV asymptomatic prostate inflammation. Using univariate analyses and multivariate logistic regression, we assessed the relationship between BMI and prostate inflammation while adjusting for age, PSA levels, family cancer history, digital rectal exam findings, statin use, and prostate volume. 000000528 540__ $$fCC BY 000000528 542__ $$fIn copyright - single owner 000000528 650__ $$aObesity$$023118 000000528 650__ $$aProstatic Neoplasms$$024731 000000528 650__ $$aContraindications$$012447 000000528 650__ $$aRisk Factors$$025522 000000528 650__ $$aInflammation$$020800 000000528 650__ $$aVeterans$$027802 000000528 650__ $$aProstate$$024727 000000528 650__ $$aCross-Sectional Studies$$017206 000000528 650__ $$aMale$$021762 000000528 650__ $$aHumans 000000528 651__ $$aOregon$$041094 000000528 691__ $$aSchool of Medicine$$041369 000000528 692__ $$aDepartment of Public Health and Preventive Medicine$$041444 000000528 7001_ $$aHaidar, Sara$$uOregon Health and Science University$$041354 000000528 8564_ $$96771a3eb-1372-433b-9ad5-e803e87192ca$$s220072$$uhttps://digitalcollections.ohsu.edu/record/528/files/529_etd.pdf$$ePublic$$247180075845cb5cf317ec73f89d953ca$$31 000000528 901__ $$a<p>These documents are archival records. They are retained for historical reference only. </p><p><b>Need an accessible version? Use the ‘Get Accessible Copy’ link above.</b></p> 000000528 905__ $$a/rest/prod/4x/51/hj/07/4x51hj07g 000000528 909CO $$ooai:digitalcollections.ohsu.edu:528$$pstudent-work 000000528 956__ $$aGet Accessible Copy$$uhttps://ohsu.libwizard.com/f/requestaccessibledocument 000000528 980__ $$aTheses and Dissertations